The Elder Scrolls Online Zones - Statistics

General Stats
  • This quiz has been taken 110 times
    99 since last reset
  • The average score is 25 of 42
Answer Stats
Release Date Zone % Correct
May 21st, 2018 Summerset
84%
November 2nd, 2020 (The) Reach
82%
June 6th, 2017 Vvardenfell
79%
(The) Rift
77%
May 20th, 2019 Northern Elsweyr
76%
October 21st, 2019 Southern Elsweyr
76%
Cyrodiil
74%
April 4th, 2014 Alik'r Desert
71%
Auridon
71%
May 26th, 2020 Western Skyrim
69%
October 22nd, 2018 Murkmire
68%
Eastmarch
66%
June 1st, 2021 Blackwood
65%
Stonefalls
65%
Deshaan
63%
Reaper's March
63%
Glenumbra
61%
May 31st, 2016 Gold Coast
61%
Grahtwood
61%
June 6th, 2022 High Isle and Amenos
61%
Stros M'Kai
61%
November 2nd, 2015 Wrothgar
61%
Coldharbour
60%
Stormhaven
58%
Khenarthi's Roost
56%
Rivenspire
56%
Shadowfen
56%
June 5th, 2023 Telvanni Peninsula
56%
Greenshade
55%
Bleakrock Isle
53%
November 7th, 2017 Clockwork City
53%
Bangkorai
52%
March 7th, 2016 Hew's Bane
52%
November 1st, 2021 The Deadlands
52%
May 21st, 2014 Craglorn
50%
August 31st, 2015 Imperial City
50%
Malabal Tor
48%
Betnikh
44%
Apocrypha
42%
Bal Foyen
40%
Artaeum
39%
November 1st, 2022 Galen and Y'ffelon
34%
No matching quizzes found
Score Distribution
Percent of People with Each Score
Percentile by Number Answered
Your Score History
You have not taken this quiz since the last reset